LEADER 02338nam0 22004093i 450 001 BVEE058619 005 20170908093230.0 012 $ao-mi 82l' tiim apde (3) 1756 (R)$2fei 100 $a20100126d1756 ||||0itac50 ba 101 | $aita 102 $ait 181 1$6z01$ai $bxxxe 182 1$6z01$an 200 1 $aEsposizione del dogma che la Chiesa Romana propone a credersi intorno l'usura colla confutazione del libro intitolato dell'Impiego del danaro. Opera del padre F. Daniele Concina ... 210 $aIn Napoli$asi trovano in Venezia$cpresso Simone Occhi$d1756 215 $a[20], 224 p.$d4° 300 $aFregio sul frontespizio 300 $aIniziali e fregi xilografici 300 $aCorsivo ; romano 300 $aSegn.: [ast]4 2[ast]6 A-2E4. 316 $a1 v. rilegato in misc. con altre opere dello stesso A.; Timbro di possesso in occh.: R. Liceo Ginnasiale principe Umberto, Napoli;$5IT-NA0097, CUOMO SL.010.B. 021 317 $aPossessore: *Regio Liceo Ginnasiale Principe Umberto . $5IT-NA0097 CUOMO SL.010.B. 021/(02 620 $dNapoli$3TO0L002386 700 1$aConcina$b, Daniele$3SBLV041121$4070$0158428 712 02$aOcchi, Simone$3PUVV157891$4650 712 02$aRegio Liceo Ginnasiale Principe Umberto$c $3NAPP000404$4390$5IT-NA0097 CUOMO SL.010.B. 021/(02 790 1$aConcina$b, Daniello$3CFIV215567$zConcina, Daniele 790 1$aConcina$b, Daniel$3CFIV316648$zConcina, Daniele 791 02$aOcchi, Simon$3CFIV316647$zOcchi, Simone 791 02$a˜sub œsigno Italiae$3UBOV136541$zOcchi, Simone 801 3$aIT$bIT-NA0079$c20100126 850 $aIT-NA0097 912 $aBVEE058619 950 0$aSocietà napoletana di storia patria$b1 esemplare$c1 v. rilegato in misc.$d SPCUOMO SL.010.B. 021$e SPCUO0000090815 B (02 1 v. rilegato in misc. con altre opere dello stesso A.; Timbro di possesso in occh.: R. Liceo Ginnasiale principe Umberto, Napoli;$fZ $h20100126$i20100126 977 $a SP 996 $aEsposizione del dogma che la Chiesa Romana propone a credersi intorno l'usura colla confutazione del libro intitolato dell'Impiego del danaro. Opera del padre F. Daniele Concina ..$91482291 997 $aUNISANNIO